02123namaa2200361uu 4500001001000000003000600010005001700016006001900033007001500052008004100067020001800108040001700126041000800143042000700151072001500158720002400173245002000197260003400217300003100251336002600282337002600308338003600334506005100370520100300421540006301424546001201487650002301499653006401522720002401586793001801610856011601628999001701744doab80832oapen20260305123950.0m o d cr|mn|---annan220413s2021 xx |||||o ||| 0|eng d a9780198862086 aoapencoapen0 aeng adc 7aHP2bicssc1 aEdmonds, David4edt00aFuture Morality bOxford University Pressc2021 a1 online resource (288 p.) atextbtxt2rdacontent acomputerbc2rdamedia aonline resourcebcr2rdacarrier0 aFree-to-readfUnrestricted online access2star aThe world is changing so fast that it's hard to know how to think about what we ought to do. We barely have time to reflect on how scientific advances will affect our lives before they're upon us. New kinds of dilemma are springing up. Can robots be held responsible for their actions? Will artificial intelligence be able to predict criminal activity? Is the future gender-fluid? Should we strive to become post-human? Should we use drugs to improve our intimate relationships - or to reduce crime? Our intuitions about questions like these are often both weak and confused. David Edmonds has put together a philosophical task force to get to grips with these challenges. Twenty-nine philosophers present provocative and engaging pieces about aspects of life today, and life tomorrow - birth and death, health and medicine, brain and body, personal relationships, wrongdoing and justice, the internet, animals, and the environment. The future won't look the same when you've finished this book. aAll rights reserveduhttp://oapen.org/content/about-rights aEnglish 7aPhilosophy2bicssc aphilosophy; moral philosophy; social & political philosophy1 aEdmonds, David4oth0 aDOAB Library.40uhttps://directory.doabooks.org/handle/20.500.12854/8083270zFree-to-read: DOAB: description of the publication c92984d92984